Principios de electrónica

Saved in:
Bibliografiske detaljer
Hovedforfatter: Malvino, Albert Paul (autor)
Format: Bog
Sprog:spansk
Udgivet: Ciudad de México McGraw Hill Interamericana 1991
Udgivelse:3a. ed
Fag:
Tags: Tilføj Tag
Ingen Tags, Vær først til at tagge denne postø!

MARC

LEADER 00000nam a2200000 a 4500
001 UCT3937
003 CL-VaPUC
008 961031e19910000MX |||||||||||||||||spa|d
082 0 4 |a 621.381  |b MAL  |2 21 
100 |a Malvino, Albert Paul  |e autor  |9 523512 
245 1 0 |a Principios de electrónica 
250 |a 3a. ed 
300 |a 1038 p 
942 |c BK 
945 |d 19961031 00:00:00  |a nastorga 
260 |a Ciudad de México  |b McGraw Hill Interamericana  |c 1991 
650 0 |a Electrónica   |9 263192 
650 0 |a Semiconductores  |9 260250 
650 7 |a CONDUCTORES  |2 CL-VaPUC  |9 327717 
650 0 |a Diodos  |9 260678 
650 0 |a Circuitos  |9 263339 
650 0 |a Transistores  |9 260330 
650 0 |a Amplificadores   |9 338119 
650 7 |a ELECTRONES  |2 CL-VaPUC  |9 322158 
650 0 |a Corriente  |9 327716 
583 |a last modification  |c 19961031 00:00:00  |k Rodrigo Vera 
999 |c 253435  |d 253433